Quiz sur la carte des drapeaux de l'Afrique - Statistiques

Statistiques générales
  • Ce quiz a été pris 54 fois
  • Le résultat moyen est 27 sur 54
Réponses sur la Carte
Les réponses sont colorées sur une échelle allant du rouge au vert en fonction du pourcentage des utilisateurs qui les ont devinées à leur premier essai. Vous pouvez retrouver ces pourcentages ci-dessous.
 
Statistiques - réponses
Réponse % Correct
Algeria
91%
Marocco
78%
Ciad
69%
Egitto
69%
Capo Verde
66%
Somalia
66%
Congo (Rep. Dem.)
66%
Tunisia
66%
Libia
66%
Liberia
63%
Costa d'Avorio
59%
Etiopia
59%
Repubblica Centrafricana
59%
Sudafrica
59%
Sudan
59%
Madagascar
56%
Angola
56%
Senegal
56%
Burkina Faso
56%
Lesotho
53%
Kenya
53%
Seychelles
50%
Gibuti
50%
Ghana
50%
Niger
50%
Mauritania
50%
Sud Sudan
50%
Eritrea
47%
São Tomé and Príncipe
47%
Botswana
47%
Burundi
47%
Mauritius
47%
Nigeria
47%
Tanzania
44%
Togo
44%
Swaziland
44%
Congo (Rep.)
41%
Zimbabwe
41%
Guinea Equatoriale
41%
Uganda
41%
Comoros
41%
Malawi
41%
Mozambico
38%
Mali
38%
Benin
38%
Zambia
38%
Gambia
38%
Camerun
38%
Gabon
38%
Sierra Leone
34%
Ruanda
34%
Namibia
28%
Guinea-Bissau
25%
Guinea
16%
Aucun quiz correspondant
Distribution des résultats
% des personnes avec chaque résultat
Percentile par nombre de réponses
Votre historique - résultats
Vous n’avez pas pris ce quiz